UK Rugby League Teams 2020 (top 3 tiers) - Statistics

General Stats
  • This quiz has been taken 549 times
    455 since last reset
  • The average score is 24 of 41
Answer Stats
Answer % Correct
Leeds Rhinos
93%
Wigan Warriors
92%
St Helens
91%
Warrington Wolves
90%
Hull Kingston Rovers
88%
Salford Red Devils
85%
Catalan Dragons
84%
Wakefield Trinity Wildcats
84%
Castleford Tigers
83%
Huddersfield Giants
83%
Hull FC
81%
Bradford Bulls
80%
Widnes Vikings
78%
Leigh Centurions
69%
London Broncos
67%
Sheffield Eagles
60%
York City Knights
60%
Halifax
59%
Toronto Wolfpack
59%
Batley Bulldogs
58%
Featherstone Rovers
57%
Toulouse Olympique XIII
56%
Dewsbury Rams
55%
Barrow Raiders
53%
Newcastle Thunder
53%
Oldham
52%
Workington Town
51%
Whitehaven
49%
Keighley Cougars
47%
Doncaster
46%
Hunslet Hawks
41%
Rochdale Hornets
41%
Swinton Lions
41%
North Wales Crusaders
40%
London Skolars
30%
Coventry Bears
27%
West Wales Raiders
27%
Hemel Stags
16%
South Wales Scorpions
16%
University Of Gloucestershire All Golds
11%
Oxford
10%
No matching quizzes found
Score Distribution
Percent of People with Each Score
Percentile by Number Answered
Your Score History
You have not taken this quiz since the last reset